| 000 | 00426nam a22001697a 4500 | ||
|---|---|---|---|
| 005 | 20180226123610.0 | ||
| 008 | 160523b xxu||||| |||| 00| 0 eng d | ||
| 020 | _a81-7188437-7 | ||
| 041 | _aeng | ||
| 082 |
_b4184 _a330.954 |
||
| 100 |
_aKapila/ Uma _94164 |
||
| 245 | _aIndian Economy Since Independence | ||
| 260 |
_aNew Delhi _bAcademic Faundation _c2004-05 |
||
| 300 | _a134 | ||
| 650 |
_aManagement _9241 |
||
| 942 | _cBK | ||
| 999 |
_c1411 _d1411 |
||